| 000 | 01186nam a22003497a 4500 | ||
|---|---|---|---|
| 003 | CHAP | ||
| 005 | 20220817043304.0 | ||
| 008 | 971013s1989 r 10010 d | ||
| 010 | _a70709 | ||
| 011 | _a71681 | ||
| 035 | _a81235 | ||
| 040 | _cCHAP | ||
| 082 |
_a631.522 _bS48 1989 |
||
| 111 | 0 | 0 |
_aSeminario Nacional Uso de la Irradiación en Fitomejoramiento ( _n2 _d: 1989 _c: México, D. F.) _9104238 |
| 245 | _aMemorias | ||
| 260 |
_aMéxico, D. F. : _bInstituto Nacional de Investigaciones Nucleares, _c1989 |
||
| 300 | _a229 p. | ||
| 590 |
_aBATCH-UPD _b10 _c20130110 _lUCH01 _h0209 |
||
| 590 |
_aBATCH-UPD _b10 _c20130110 _lUCH01 _h0746 |
||
| 590 |
_aBATCH-UPD _b10 _c20130409 _lUCH01 _h2224 |
||
| 590 |
_aBATCH-UPD _b10 _c20130914 _lUCH01 _h1537 |
||
| 590 |
_aCONVERSION _b10 _c20130109 _lUCH01 _h1339 |
||
| 650 | 1 | 4 | _aGenética vegetal. |
| 650 | 1 | 4 |
_aMutación en plantas. _979907 |
| 650 | 1 | 4 |
_aPlantas _xMejoramiento. _988849 |
| 650 | 1 | 4 |
_aRadiación _xEfecto en plantas. _993674 |
| 650 | 1 | 4 |
_aRayos gamma. _994856 |
| 700 | 0 |
_aHernández Ayala, Margarita _ecoord. _953828 |
|
| 901 | _aBK | ||
| 942 | _cLIBRO | ||
| 949 |
_a631.522 S48 1989 _bBC _cCONG _d-34458 _eCONG _h86525 _i81235 _si |
||
| 999 |
_c70709 _d70709 |
||